01169nam a22001457a 450000500170000000800410001702200130005804000170007105000120008824500710010026000550017130000250022649000140025152107580026520220308153513.0220308b ||||| |||| 00| 0 eng d a00419605 cWIUC Library aK25.Un3 aUniversity of Ghana law journal /cUniversity of Ghana Law School. aAccra :bUniversity of Ghana School of Law, c2016 avi, 293 p. :c24 cm. vxxix (28) aContents :Ghana's patent law and practice: a critical analysis of patents act, 2003 (Act 657) -- Enforcing the constitutional framework on compulsory acquisition in Ghana: looking backward, forward or maintaining the status quo? -- The long meandering journey: the development of Ghana's petroleum( exploration and production) act 2016, (Act 919) -- Towards a sociolinguistic approach to legal interpretation in a multilingual context -- The interplay between the courts and arbitral proceedings-Ghana's old order changeth? -- Commissions of inquiry as tools for investigating criminal conduct: a case review of republic v Charles Wereko-Brobbey & Anor -- A critical review of the law and practice of academic freedom at the university of Ghana, Legon.